Study guide for Brunner & Suddarth's textbook of medical-surgical nursing / (Record no. 79066)

MARC details
000 -LEADER
fixed length control field 00780nam a2200241Ia 4500
003 - CONTROL NUMBER IDENTIFIER
control field URS
005 - DATE AND TIME OF LATEST TRANSACTION
control field 20251007143001.0
008 - FIXED-LENGTH DATA ELEMENTS--GENERAL INFORMATION
fixed length control field 240418s9999 xx 000 0 und d
020 ## - INTERNATIONAL STANDARD BOOK NUMBER
International Standard Book Number 978-1-9751-2188-4
040 ## - CATALOGING SOURCE
Language of cataloging english
Transcribing agency URS
Description conventions rda
050 ## - LIBRARY OF CONGRESS CALL NUMBER
Classification number RT41
Item number .M673 2018
100 ## - MAIN ENTRY--PERSONAL NAME
Personal name Moore, Leigh W.,
Relator term author.
245 #0 - TITLE STATEMENT
Title Study guide for Brunner & Suddarth's textbook of medical-surgical nursing /
Statement of responsibility, etc Leigh W. Moore.
250 ## - EDITION STATEMENT
Edition statement 14th edition.
264 ## - PUBLICATION, DISTRIBUTION, ETC. (IMPRINT)
Place of publication, distribution, etc Philadelphia :
Name of publisher, distributor, etc Wolters Kluwer Health/Lippincott Williams & Wilkins,
Date of publication, distribution, etc ©2018.
300 ## - PHYSICAL DESCRIPTION
Extent x, 407 pages ;
Dimensions 26 cm.
336 ## - CONTENT TYPE
Content type term text
Content type code txt
Source rdacontent
337 ## - MEDIA TYPE
Media type term unmediated
Media type code n
Source rdamedia
338 ## - CARRIER TYPE
Carrier type term volume
Carrier type code nc
Source rdacarrier
650 #0 - SUBJECT ADDED ENTRY--TOPICAL TERM
Topical term or geographic name as entry element Nursing.
9 (RLIN) 1023
650 #0 - SUBJECT ADDED ENTRY--TOPICAL TERM
Topical term or geographic name as entry element Surgical nursing.
9 (RLIN) 1085
942 ## - ADDED ENTRY ELEMENTS (KOHA)
Koha item type Foreign Books
Source of classification or shelving scheme Library of Congress Classification
Holdings
Withdrawn status Lost status Source of classification or shelving scheme Damaged status Not for loan Collection code Home library Current library Shelving location Date acquired Source of acquisition Total Checkouts Full call number Barcode Date last seen Copy number Koha item type
    Library of Congress Classification     Non-fiction Taytay College Library Taytay College Library Nursing Collection 10/08/2019 Donation   RT41 .M673 2018 URSTAY-5426 06/30/2025 1 Foreign Books
    Library of Congress Classification     Non-fiction Taytay College Library Taytay College Library Nursing Collection 10/11/2023 Donation   RT41 .M673 2018 URSTAY-5427 10/07/2025 2 Foreign Books

University of Rizal System
Email us at univlibservices@urs.edu.ph

Visit our Website www.urs.edu.ph/library